Súčasná zahraničná politika Kazachstanu: politické a ekonomické priority diplomová práca

Na minha lista:
Detalhes bibliográficos
Autor principal: Shcherbakova, Aliaksandra, 2003-
Autor Corporativo: Fakulta medzinárodných vzťahov EU. Katedra medzinárodných politických vzťahov
Outros Autores: Zubro, Tetyana, 1975-
Formato: Livro
Idioma:eslovaco
Publicado em: Bratislava 2025
Tags: Adicionar Tag
Sem tags, seja o primeiro a adicionar uma tag!

MARC

LEADER 00000nbm a2200000 4500
001 0309575
005 20260126083749.7
041 0 |a slo 
044 |a SK 
245 1 0 |a Súčasná zahraničná politika Kazachstanu: politické a ekonomické priority  |b diplomová práca  |c Aliaksandra Shcherbakova ; školiteľ: Tetyana Zubro 
264 1 |a Bratislava  |c 2025 
300 |a 80 s. 
100 1 |a Shcherbakova, Aliaksandra, 2003- 
700 1 |a Zubro, Tetyana, 1975- 
710 2 |a Fakulta medzinárodných vzťahov EU. Katedra medzinárodných politických vzťahov